Sports Quiz

Random Sports Quiz

England players to face Germany since Euro 96? Quiz Stats

 Plays Quiz not verified by Sporcle

Challenge
Share
Tweet
Embed
Score 0/29 Timer 10:00
0 Plays Today
Appearances Player % Correct
4Steven Gerrard
93.3%
2Frank Lampard
90.2%
4David Beckham
84.5%
4Michael Owen
84.5%
3John Terry
82.5%
2Wayne Rooney
82%
3Ashley Cole
81.4%
2Joe Cole
78.4%
2Emile Heskey
77.3%
3Gary Neville
76.3%
3David Seaman
74.2%
3Paul Scholes
74.2%
2Rio Ferdinand
71.6%
3David James
67%
2Sol Campbell
55.2%
Appearances Player % Correct
2Jermain Defoe
54.1%
2Peter Crouch
45.4%
2Glen Johnson
43.3%
3Nick Barmby
38.7%
4Gareth Barry
34.5%
2Michael Carrick
34%
2Jordan Henderson
31.4%
2Martin Keown
30.9%
2Chris Smalling
27.8%
2Matthew Upson
26.8%
2Adam Lallana
23.7%
3Shaun Wright-Phillips
21.6%
2Kieron Dyer
16%
2Ross Barkley
9.8%

You're not logged in!

Compare scores with friends on all Sporcle quizzes.
Join for Free
OR
Log In

You Might Also Like...

Show Comments

Extras

Created Mar 22, 2017ReportNominate
Tags:club, England, euro, Euro 96, face, Germany, player

Top Quizzes Today


Score Distribution

Your Account Isn't Verified!

In order to create a playlist on Sporcle, you need to verify the email address you used during registration. Go to your Sporcle Settings to finish the process.

Report this User

Report this user for behavior that violates our Community Guidelines.

Details: